| 000 | 00574nam a2200241Ia 4500 | ||
|---|---|---|---|
| 001 | UByD000865 | ||
| 003 | AR-LpoUNG | ||
| 005 | 20240903122959.0 | ||
| 008 | 220818s1977||||ag |||||||||||||| ||spa|| | ||
| 040 |
_aAR-LpoUNG _bspa _cAR-LpoUNG _eaacr |
||
| 041 | 0 | _aspa | |
| 082 | 0 | _aA861 172v2 | |
| 100 | 1 | _aRamella, Pablo A. | |
| 245 | 1 | 0 | _aAntología poética II |
| 260 |
_aBuenos Aires : _bS.P.A.E., _c1977. |
||
| 300 | _a78 p. | ||
| 650 | 4 | _aLITERATURA | |
| 650 | 4 | _aARGENTINA | |
| 650 | 4 | _aPOESIA | |
| 650 | 4 | _aANTOLOGIAS | |
| 905 | _aCJPM354 | ||
| 942 |
_cLIB _2ddc |
||
| 999 |
_c62066 _d62066 |
||